Diskretnaja matematika dlja inženera

Saved in:
Bibliographic Details
Main Author: Kuznecov, Oleg Petrovič
Other Authors: Adel'son-Vel'skij, Georgij Maksimovič
Format: Book
Language:Russian
Published: Moskva Energoatomizdat 1988
Edition:2. pererab. i dopln. izd.
Tags: Add Tag
No Tags, Be the first to tag this record!

MARC

LEADER 00000nam a2200000 4500
001 c039438
005 20221219124851.2
041 0 |a rus 
044 |a RU 
245 1 0 |a Diskretnaja matematika dlja inženera  |c Oleg Petrovič Kuznecov, Georgij Maksimovič Adel'son-Vel'skij 
250 |a 2. pererab. i dopln. izd. 
264 1 |a Moskva  |b Energoatomizdat  |c 1988 
300 |a 479 s. 
100 1 |a Kuznecov, Oleg Petrovič 
700 1 |a Adel'son-Vel'skij, Georgij Maksimovič